00488nam a2200121Ia 4500008004100000082001600041100002400057245008200081260003300163365000600196630008200202730008200284100415s9999 xx 000 0 und d b1435a631.8 aCorrie Frnak Ewart aManuers and Manuring : A Handbook for Practical Farmers, Students, and others aLONDONc1927bCHAPMAN & HALL b0 aManuers and Manuring : A Handbook for Practical Farmers, Students, and others aManuers and Manuring : A Handbook for Practical Farmers, Students, and others